• 首页
  • 本馆介绍
  • 公告通知
  • 最新文献
  • 馆藏检索
  • 电子资源
  • 读者导购
  • 参考咨询
  • 我的图书馆
  • 登录
  • 详细信息显示
  • 放入我的书架
  • 预约/预借图书
  • 作者相关作品
  • 分类相关作品
  • 丛书相关作品
  • 出版社相关作品

书目信息

  • 表格格式
  • 工作单格式
  • 卡片格式
题名:
幼儿园教玩具设计与制作
    
 
作者: 范明丽 , 周雅菲 主编
分册:  
出版信息: 成都   西南财经大学出版社  2016.05
页数: 166页
开本: 29cm
丛书名:
单 册:
中图分类: G614
科图分类:
主题词: 幼儿园--you er yuan--教具--设计--教材 , 幼儿园--you er yuan--玩具--设计--教材 , 幼儿园--you er yuan--教具--制作--教材
电子资源:
ISBN: 978-7-5504-2320-6
000 01016nam0 2200277 450
001 0105143330
005 20201105143351.0
010    @a978-7-5504-2320-6@dCNY48.00
100    @a20170802e20202016em y0chiy50 ea
101 0  @achi
102    @aCN@b510000
105    @aa z 000yy
106    @ar
200 1  @a幼儿园教玩具设计与制作@Ayou er yuan jiao wan ju she ji yu zhi zuo@f范明丽, 周雅菲主编
210    @a成都@c西南财经大学出版社@d2016.05@h2020.08
215    @a166页@c图@d29cm
300    @a21世纪学前教育专业规划教材
330    @a本书着重介绍了幼儿园教玩具的分类、配备,以及不同类型教玩具的制作与基本玩法等。主要内容包括:幼儿园教玩具概述、幼儿园教玩具的常用材料与制作技法等。
606 0  @a幼儿园@Ayou er yuan@x教具@x设计@j教材
606 0  @a幼儿园@Ayou er yuan@x玩具@x设计@j教材
606 0  @a幼儿园@Ayou er yuan@x教具@x制作@j教材
690    @aG614@v5
701  0 @a范明丽@Afan ming li@4主编
701  0 @a周雅菲@Azhou ya fei@4主编
801  0 @aCN@bBJSZM@c20201105
905    @b1262895-7@dG614@e1345@f3
    
    幼儿园教玩具设计与制作/范明丽, 周雅菲主编.-成都:西南财经大学出版社,2016.05(2020.08)
    166页:图;29cm
    21世纪学前教育专业规划教材
    
    ISBN 978-7-5504-2320-6:CNY48.00
    本书着重介绍了幼儿园教玩具的分类、配备,以及不同类型教玩具的制作与基本玩法等。主要内容包括:幼儿园教玩具概述、幼儿园教玩具的常用材料与制作技法等。
●
相关链接 在E读中查询图书 在五车中查询图书 在当当中查询图书 在豆瓣中查询图书


正题名:幼儿园教玩具设计与制作     索取号:G614/1345         预约/预借

序号 登录号 条形码 馆藏地/架位号 状态 备注
1 1262895   212628959   第一样本阅览室/ [索取号:G614/1345] 在馆    
2 1262896   212628968   第四借阅区/ [索取号:G614/1345] 在馆    
3 1262897   212628977   第四借阅区/ [索取号:G614/1345] 在馆    
唐山师范学院图书馆 欢迎您!
大连网信软件有限公司© 版权所有